banner-ar

حكاية القلم والبراية والممحاه / (Record no. 51168)

MARC details
000 -الفاتح
حقل البيانات ثابتة الطول 00412nam a2200133Ia 4500
008 - عناصر البيانات ثابتة الطول - معلومات عامة
حقل البيانات ثابتة الطول 140319s9999 xx 000 0 ara d
040 ## - مصدر الفهرسة
وكالة الفهرسة الأصلية GCL /
وكالة النسخ GCL
082 04 - رقم تصنيف ديوى العشرى
رقم التصنيف ط
رقم المادة 813.02
-- ع ح
100 1# - المدخل الرئيسى - إسم شخصى
الإسم الشخصى عاطف عبدالرشيد
245 10 - بيان العنوان
العنوان حكاية القلم والبراية والممحاه /
بيان المسئوليه,etc عاطف عبدالرشيد
700 1# - المدخل الاضافى - اسم شخصى
الإسم الشخصى عاصم عبدالفتاح
490 ## - بيان السلسلة
عنوان السلسلة اطفالنا
رقم المجلد/ التعيين التسلسلي 0
Holdings
حالة التراجع حالة الفقد حالة تلف ليس للاعارة المكان المؤقت الموقع الحالى تاريخ الاكتساب اجمالي اﻻعارات رقم الطلب الباركود تاريخ اخر مشاهدة تاريخ تفعيل السعر نوع وعاء كوها
        مكتبة القاهرة الكبرى مكتبة القاهرة الكبرى 03/26/2014   ط\813.02\ع ح 122670 03/26/2014 03/26/2014 كتاب
        مكتبة القاهرة الكبرى مكتبة القاهرة الكبرى 03/26/2014   ط\813.02\ع ح 122671 03/26/2014 03/26/2014 كتاب
        مكتبة القاهرة الكبرى مكتبة القاهرة الكبرى 03/26/2014   ط\813.02\ع ح 122672 03/26/2014 03/26/2014 كتاب

Powered By

EGPV